000 00424pab a2200169 454500
008 180718b2003 xxu||||| |||| 00| 0 eng d
100 _aKanitkar, Tara
245 _aContraception in rural Maharashtra
260 _c2003
300 _ap.69-73.
362 _aMar-Jun
650 _aContraception - India - Maharashtra
650 _aContraception
700 _aKulkarni, Smita
773 _aArth Vijnana
909 _a64850
999 _c64850
_d64850